| 000 | 00546cam a2200205ua 4500 | ||
|---|---|---|---|
| 001 | 9759 | ||
| 008 | 160824n ii |||gr||||Z||||||eng | ||
| 040 | _cMAIN | ||
| 041 | _aeng | ||
| 082 | _a320 | ||
| 100 |
_aNayak, Pratul, _eAuthor. |
||
| 245 |
_aHigher secondary political science (first year) _cby Pratul Nayak |
||
| 250 | _a1st ed. | ||
| 260 |
_aGuwahati: _bAssam book depot, _c1997. |
||
| 300 | _a392p. | ||
| 653 | _aPolitical science | ||
| 700 |
_aChaudhury, Arupjyoti, _eAuthor. |
||
| 700 |
_aMahanta, Nanigopal, _eAuthor. |
||
| 942 | _cBK | ||
| 999 |
_c8770 _d8770 |
||